000 00504nam a2200205Ia 4500
003 STCL
008 230726s9999 xx 000 0 und d
020 _a9788120047686
_qHB
040 _aSTCL
_cSTCL
_bEN
082 _222
100 _aGopinathan, R
245 0 _aകേരളത്തനിമ
246 _aKeralattanima
250 _a2
260 _bState Institute of Languages
_aThiruvananthapuram
_c2019
300 _a527 p
365 _b300
546 _aMalayalam
942 _2DDC
_e22
_cBKDDC
999 _c89312
_d89312